[Event "12th SRB-ch Women 2018"]
[Site "Kragujevac"]
[Date "2018.03.23"]
[Round "7"]
[White "Blagojevic, Tijana"]
[Black "Velikic, Adela"]
[Result "1-0"]
[WhiteElo "2249"]
[BlackElo "2293"]
[Annotator "TA"]
[PlyCount "79"]
[EventDate "2018.??.??"]
[EventType "tourn"]
[EventCountry "SRB"]
[SourceTitle "playchess.com"]
[Source "ChessBase"]
[SourceQuality "1"]

{[%evp 10,79,0,0,37,24,97,29,44,26,28,31,37,10,0,-4,13,14,8,20,8,12,25,-16,0,-4,-8,-13,0,-26,6,10,31,37,45,43,66,23,26,27,72,8,60,60,61,0,0,0,387,312,433,0,0,0,0,0,451,472,458,442,367,188,866,844,1765,1714,2844,2379,3468,3197,2550,1989]} 1. e4 e6 2. d4 d5 3. Bd3 {[%cal Bf1d3,Bd3e4,Be4f3][%mdl 32]} dxe4 4. Bxe4 Nf6 5. Bf3 c5 6. Ne2 {LiveBook: 212 Games} e5 {C01: French: Exchange Variation} (6... Nc6 7. Be3 Nd5 8. Bxd5 Qxd5 9. Nbc3 Qxg2 10. Rg1 Qf3 11. Nb5 Rb8 12. dxc5 Bd7 13. Nc7+ Kd8 14. Nb5 {0-1 (54) Kramnik,V (2808)-Caruana,F (2808) Stavanger 2017}) 7. dxe5 Qxd1+ 8. Kxd1 Ng4 {White has an edge.} 9. Bxg4 Bxg4 10. f3 Bd7 $146 ({Find the theoretical novelty and annotate with similar games:} 10... Bf5 11. Ng3 Be6 12. Nc3 Nc6 13. Re1 O-O-O+ 14. Bd2 {0-1 (41) Martinez Morina,M (2105)-Escabias Perez,M (1666) Benidorm 2011}) 11. Nd2 Nc6 12. Nc4 Be6 13. Nd6+ Bxd6 14. exd6 O-O-O 15. Bf4 Rhe8 16. b3 Bf5 (16... g5 $5 {[%cal Rg5f4]} 17. Bg3 f5 $11) 17. Ng3 Bg6 18. h4 {[#] Hoping for h5.} h5 19. Re1 Rxe1+ 20. Kxe1 Nb4 21. Kd2 $36 {[%mdl 2048] White has good play.} Nd5 22. Ne2 $1 Re8 {[#] And now ...Rxe2+! would win.} 23. g3 f6 24. c4 Nb4 25. a3 ({White should try} 25. g4 $16) 25... Nc2 (25... Nc6 $11) 26. Rg1 $14 {Threatens to win with g4.} Nxa3 27. g4 (27. Nc3 $14) 27... Nb1+ $11 28. Kd1 Na3 $2 {[%mdl 8192]} (28... Bd3 $1 $11 {and Black has nothing to worry.} 29. Nc1 Bh7) 29. Bc1 Nb1 30. Bf4 $2 (30. gxh5 $18 Bxh5 31. Rxg7) 30... Bd3 31. Nc1 Bh7 32. Na2 Na3 $2 {[%mdl 8192]} (32... Bd3 $11 33. Nc1 Bh7) 33. gxh5 $18 {[%cal Bg4h5,Bh5h6][%mdl 32]} Bc2+ 34. Kc1 Bxb3 35. Rxg7 (35. Nc3 $142) 35... Kd8 $2 (35... Re2 36. Rc7+ Kd8 37. Rxb7 Rc2+ 38. Kd1 Rb2+ 39. Rxb3 Rxb3) 36. Kb2 {White is clearly winning.} Bxa2 37. Kxa2 Nxc4 38. h6 Re2+ 39. Kb1 Re1+ 40. Kc2 {Precision: White = 53%, Black = 34%.} 1-0

[Event "12th SRB-ch Women 2018"]
[Site "Kragujevac"]
[Date "2018.03.23"]
[Round "7"]
[White "Benderac, Ana"]
[Black "Djukic, Sandra"]
[Result "1-0"]
[WhiteElo "2226"]
[BlackElo "2174"]
[Annotator "TA"]
[PlyCount "69"]
[EventDate "2018.??.??"]
[EventType "tourn"]
[EventCountry "SRB"]
[SourceTitle "playchess.com"]
[Source "ChessBase"]
[SourceQuality "1"]

{[%evp 14,69,29,8,47,43,70,50,55,61,77,35,65,29,30,0,115,115,114,116,119,119,131,121,133,126,215,212,242,236,275,268,325,302,534,538,589,558,684,658,627,376,366,365,373,354,364,362,444,445,443,440,498,486,918,897,1274,1274]} 1. c4 e5 2. Nc3 Nc6 3. g3 Bc5 4. Bg2 a6 5. e3 d6 6. Nge2 {A25: English Opening vs King's Indian with ...Nc6 but without early d3} (6. Nf3 Nf6 7. O-O O-O 8. h3 Ba7 9. d4 h6 10. dxe5 dxe5 11. Qxd8 Rxd8 12. b3 Be6 13. Ba3 Rd7 14. Rfd1 Rad8 15. Rxd7 Rxd7 {½-½ (41) Howell,D (2676)-Ponomariov,R (2694) Riadh 2017}) 6... Ba7 7. O-O Nge7 8. b3 {LiveBook: 3 Games. White has an edge.} Bf5 9. d4 O-O $146 ({Predecessor:} 9... exd4 10. Nxd4 Nxd4 11. exd4 Rb8 12. Bg5 f6 13. Be3 {1-0 (38) Eichhorn,A (2326)-Levin,F (2482) Belgium 2011}) 10. dxe5 dxe5 11. Ba3 Re8 12. Nd5 e4 13. Nec3 {[%cal Be2c3,Bc3e4,Be4d6][%mdl 32]} Nxd5 14. cxd5 Ne7 (14... Ne5 $1 $11 {keeps the balance.}) 15. Nxe4 $16 Nxd5 16. Nd6 $36 {[%mdl 2048] White is in control.} Nc3 17. Qf3 cxd6 18. Qxf5 {Hoping for Bb2.} Qe7 19. Qd3 Nb5 (19... Ne4 $16 20. Bxe4 Qxe4 21. Qxe4 (21. Qxd6 Qf3 $14) 21... Rxe4) 20. Bb2 $18 Bc5 {[#]} 21. b4 $1 {[%mdl 512]} Bb6 (21... Bxb4 22. a4) 22. a4 {[%cal Ba2a4,Ba4a5][%mdl 32]} Na7 23. Rac1 Rac8 $2 (23... Qd7 {is a better defense.} 24. Be4 Rxe4) 24. Rxc8 Rxc8 25. a5 Bd8 26. Qd4 {[%csl Gb2][%cal Rd4g7] [#]} Qe5 {Now ...Qxd4 and Black clings on.} 27. Bxb7 Qxd4 28. Bxd4 Rb8 29. Bxa6 ({Less strong is} 29. Bxa7 Rxb7 30. Bd4 Rxb4 $16) 29... Nc6 30. Be2 Rxb4 31. Bc3 {White is clearly winning.} Rb3 32. Rc1 Kf8 33. a6 Ra3 (33... Bb6 $142 34. Bxg7+ Kxg7 35. Rxc6 Bc5) 34. Bb2 Ra2 35. Rxc6 {Precision: White = 71%, Black = 40%.} 1-0

[Event "12th SRB-ch Women 2018"]
[Site "Kragujevac"]
[Date "2018.03.23"]
[Round "7"]
[White "Milosevic, Jovana"]
[Black "Eric, Jovana"]
[Result "1-0"]
[WhiteElo "2109"]
[BlackElo "2265"]
[Annotator "TA"]
[PlyCount "85"]
[EventDate "2018.??.??"]
[EventType "tourn"]
[EventCountry "SRB"]
[SourceTitle "playchess.com"]
[Source "ChessBase"]
[SourceQuality "1"]

{[%evp 16,85,62,41,60,41,103,91,88,69,63,78,89,88,91,64,56,54,62,29,32,24,179,181,158,25,34,34,25,-52,-39,-42,-21,-60,-56,-93,-63,-87,-53,-72,0,0,0,0,60,82,83,91,316,323,302,300,409,381,732,852,843,848,844,821,816,800,728,708,880,828,1021,988,972,958,909,897]} 1. Nf3 Nf6 2. c4 g6 3. Nc3 Bg7 4. e4 d6 5. d4 O-O 6. Be2 e5 7. O-O c6 8. d5 Na6 9. Qc2 {LiveBook: 3 Games. E94: King's Indian: Classical: 6 Be2 e5 7 0-0: Various Black 7th moves} (9. Be3 Ng4 10. Bg5 f6 11. Bh4 c5 12. Ne1 h5 13. a3 Bd7 14. Rb1 Nh6 15. f3 Nf7 16. Nd3 Bh6 17. Bf2 Qe7 18. b4 b6 19. bxc5 Nxc5 20. a4 {½-½ (63) Sjugirov,S (2652)-Kokarev,D (2616) Taganrog 2018}) 9... h6 10. a3 $146 ({Find the theoretical novelty and annotate with similar games:} 10. Be3 cxd5 11. cxd5 Ng4 12. Bd2 f5 13. Ne1 fxe4 14. Nxe4 Kh7 15. Rc1 Bf5 16. Qa4 Nxh2 17. Bxa6 bxa6 {½-½ (28) Papadimitriou,L (2124)-Fahouri,N (1898) Athens 2012}) 10... c5 (10... Nh5 $14) 11. Rb1 {White is better.} Nh5 {[%cal Bf6h5,Bh5f4,Bf4h3][%mdl 32]} 12. Ne1 Nf4 13. Bf3 g5 14. Qd1 f5 15. g3 Nh3+ 16. Kg2 g4 $1 {[%cal Rg4f3]} 17. Be2 h5 18. f3 gxf3+ $2 (18... Nc7 $11 {and Black has nothing to worry.}) 19. Bxf3 $18 fxe4 20. Bxe4 ({White must play} 20. Nxe4 $16 b5 21. Nc2 (21. cxb5 Nc7 $16) (21. Bxh5 Rxf1 22. Kxf1 Bf5 $14)) 20... Rxf1 $11 21. Kxf1 Bg4 22. Bf3 ({White should play} 22. Qd3 $11) 22... Qf6 $15 23. Kg2 Rf8 24. Qe2 $1 Qg6 $1 25. Bxg4 hxg4 26. Nd3 Rf3 27. Ne4 {[#]} Qf5 (27... b5 $1 $17 {[%mdl 512]} 28. b3 (28. cxb5 Nc7) 28... Nc7) 28. Bd2 $11 Nc7 29. Re1 Ne8 (29... b5 $11) 30. Ndf2 $1 $14 {[%cal Rf2g4]} Nxf2 31. Nxf2 e4 $2 (31... b5 $16 {was worth a try.}) 32. Nxe4 $18 Bd4 {[#]} 33. Bf4 $1 Kg7 34. h3 {[%cal Bh2h3,Bh3g4][%mdl 32] Black must now prevent hxg4.} Qg6 $2 (34... Rxf4 35. gxf4 gxh3+ 36. Kg3 Kg8 37. Nxc5 Qg6+ 38. Kxh3 Qf5+ 39. Kg2 Qg6+ 40. Kh1 Ng7) 35. hxg4 {White is clearly winning.} Rb3 36. Nd2 Rxb2 37. Qe7+ Qf7 38. Qxe8 Qxe8 39. Rxe8 b5 40. Kf3 bxc4 41. Nxc4 Rf2+ 42. Ke4 Re2+ 43. Ne3 {Precision: White = 64%, Black = 44%.} 1-0

[Event "12th SRB-ch Women 2018"]
[Site "Kragujevac"]
[Date "2018.03.24"]
[Round "8"]
[White "Gajcin, Marina"]
[Black "Chelushkina, Irina"]
[Result "0-1"]
[WhiteElo "2295"]
[BlackElo "2261"]
[Annotator "TA"]
[PlyCount "136"]
[EventDate "2018.??.??"]
[EventType "tourn"]
[EventCountry "SRB"]
[SourceTitle "playchess.com"]
[Source "ChessBase"]
[SourceQuality "1"]

{[%evp 34,136,40,24,29,4,0,0,10,11,35,40,46,49,39,22,26,9,21,9,18,19,49,39,32,40,50,46,62,52,59,68,178,0,46,55,94,41,39,45,66,40,68,70,126,106,119,100,125,126,265,58,58,18,33,20,19,22,28,20,33,33,34,33,34,-52,-52,-52,-52,-135,-116,-121,-120,-164,-152,-304,-229,-243,-201,-153,-110,-258,-236,-330,-200,-674,-255,-637,-636,-669,-653,-855,-828,-649,-630,-922,-851,-1283,-906,-29970,-29971,-29968,-8845,-29985,-29985]} 1. e4 c5 2. Nf3 e6 3. d4 cxd4 4. Nxd4 Nf6 5. Nc3 Nc6 6. Ndb5 {[%cal Bd4b5,Bb5a3,Ba3c2][%mdl 32]} d6 7. Bf4 e5 8. Bg5 a6 9. Na3 b5 {[%cal Bb7b5,Bb5b4][%mdl 32]} 10. Nd5 Be7 11. Bxf6 Bxf6 12. c4 b4 13. Nc2 Rb8 14. b3 Bg5 {B33: Sicilian: Pelikan and Sveshnikov Variations} 15. g3 O-O 16. Bg2 Qa5 (16... a5 17. O-O Be6 18. h4 Bh6 19. Kh2 Ne7 20. Nxe7+ Qxe7 21. Bh3 Qc7 22. Qe2 Qc5 23. Rad1 a4 24. Kg2 Ra8 25. Rd3 axb3 26. axb3 {½-½ (145) Alekseenko,K (2563)-Dubov,D (2666) Sochi 2017}) 17. O-O Qc5 18. Kh1 {LiveBook: 3 Games} Ne7 19. Nce3 $146 ({Find the theoretical novelty and annotate with similar games:} 19. Nxe7+ Bxe7 20. Ne3 g6 21. Qd3 Bb7 22. Rad1 {1-0 (36) Alonso,S (2467)-Crosa Coll,M (2354) Montevideo 2011}) 19... Nxd5 20. Nxd5 Be6 21. Qh5 Bd8 (21... Bxd5 $5 22. Qxg5 (22. cxd5 Bd2 $11) 22... Bc6 $11) 22. Rad1 Qc8 {Hoping for ...Bg4.} 23. Qe2 Re8 24. Qd2 a5 25. Ne3 Bc7 26. f4 {Black must now prevent f5.} exf4 27. gxf4 {[%cal Bg3f4,Bf4f5][%mdl 32] f5 is the strong threat.} Bb6 28. Rde1 f6 29. f5 $36 {[%mdl 2048] White has good play.} Bf7 30. Qxd6 Rd8 31. Qf4 Bc7 32. Qf2 Bb6 {[#]} (32... Be5 $14) 33. Qf4 (33. e5 $1 $18 {[%mdl 512]}) 33... Bc7 $1 $14 {[%cal Rc7f4]} 34. Qh4 Rd2 35. Rf2 (35. Ng4 $16) 35... Rxf2 36. Qxf2 Bb6 37. Qd2 Qe8 38. Nd5 {aiming for e5!} Bc5 (38... Qd8 $14) 39. e5 $1 $16 {[%cal Re5f6]} fxe5 40. Qg5 {Strongly threatening Nf6+.} h6 41. Qg3 Kh8 (41... Kh7 $16) 42. Rxe5 $2 (42. f6 $1 $18 {[%csl Gf6][%cal Rg3g7]} g6 43. Rxe5) 42... Qf8 $1 $14 {Threatens to win with ...Bd6.} 43. Qg4 Bd6 44. Re2 Re8 45. Rxe8 Qxe8 46. Qe4 $1 Kg8 47. Qxe8+ Bxe8 {[%mdl 4096] Endgame KBB-KBN} 48. Be4 Kf7 49. Ne3 ({White should play} 49. h3 $14) 49... Kf6 $1 $15 {[%mdl 1024] Black has compensation.} 50. Kg2 Ke5 51. Bf3 ({White should try} 51. Bb1 $15) 51... Bc5 52. Nd5 Bd7 53. Bg4 g6 $1 {[%cal Bg7g6,Bg6f5][%mdl 32]} ({Not} 53... Bxf5 54. Bxf5 Kxf5 55. Kf3 $11) 54. Kf3 $2 (54. h4 $17 {keeps fighting.}) 54... gxf5 55. Bh5 {[#]} a4 $1 56. Bf7 Bc6 57. bxa4 (57. Ke2 $17 {was necessary.}) 57... Bxa4 $19 58. Ne3 Bc6+ 59. Ke2 $2 (59. Nd5) 59... Be4 $2 (59... Bxe3 60. Kxe3 f4+ 61. Kf2 Be4) 60. Nd1 $2 (60. Nf1) 60... Bb1 61. Nb2 Bxa2 62. Bd5 Kd4 63. Kd2 Bb1 64. Nd1 f4 65. Nf2 Bf5 66. Bf7 b3 67. Nd1 Bb4+ (67... f3 $142 68. Bd5 Bb4+ 69. Kc1 Ba3+ 70. Kd2 {[#]} f2 $1 {[%mdl 512]} 71. Bg2 Bd3 72. c5 b2 73. Nxb2 Bxb2 74. c6 Bc3+ 75. Kc1 f1=Q+ 76. Bxf1 Bxf1 77. Kc2 Ba5 78. Kd1 Bb5 79. Kc2 Bxc6 80. Kd1 Bf3+ 81. Kc2 h5 82. Kb2 h4 83. Kc2 h3 84. Kc1 Kc3 85. Kb1 Kb3 86. Kc1 Bb4 87. Kb1 Ba3 88. Ka1 Bb2+ 89. Kb1 Be4#) 68. Ke2 Bg4+ {Precision: White = 28%, Black = 50%.} 0-1

[Event "12th SRB-ch Women 2018"]
[Site "Kragujevac"]
[Date "2018.03.24"]
[Round "8"]
[White "Velikic, Adela"]
[Black "Zarkovic, Mila"]
[Result "0-1"]
[WhiteElo "2293"]
[BlackElo "2219"]
[Annotator "ChessBase"]
[PlyCount "90"]
[EventDate "2018.??.??"]
[EventType "tourn"]
[EventCountry "SRB"]
[SourceTitle "playchess.com"]
[Source "ChessBase"]
[SourceQuality "1"]
[TimeControl "40/5400+30:1800+30"]

1. e4 {[%emt 0:00:00]} d6 {[%emt 0:00:15]} 2. d4 {[%emt 0:00:00]} Nf6 {[%emt 0:00:09]} 3. Nc3 {[%emt 0:00:00]} e5 {[%emt 0:00:05]} 4. Nf3 {[%emt 0:00:00]} Nbd7 {[%emt 0:00:42]} 5. Bc4 {[%emt 0:00:00]} Be7 {[%emt 0:00:09]} 6. a4 {[%emt 0:00:07]} O-O {[%emt 0:00:14]} 7. O-O {[%emt 0:00:08]} a6 {[%emt 0:00:25]} 8. a5 {[%emt 0:04:55]} exd4 {[%emt 0:00:07]} 9. Nxd4 {[%emt 0:01:41]} Ne5 {[%emt 0:00:25]} 10. Be2 {[%emt 0:03:52]} c5 {[%emt 0:02:26]} 11. Nf3 {[%emt 0:31:38]} Nc6 {[%emt 0:10:50]} 12. Bf4 {[%emt 0:04:05]} Nxa5 {[%emt 0:21:30]} 13. Nd5 {[%emt 0:09:30]} Nxd5 {[%emt 0:04:00]} 14. exd5 {[%emt 0:00:20]} Bf6 {[%emt 0:31:31]} 15. Ra2 {[%emt 0:13:05]} Bg4 {[%emt 0:08:18]} 16. Qd2 {[%emt 0:11:14]} b6 {[%emt 0:03:06]} 17. b4 {[%emt 0:02:27]} cxb4 {[%emt 0:04:10]} 18. Qxb4 {[%emt 0:00:13]} Re8 {[%emt 0:00:52]} 19. Be3 {[%emt 0:01:24]} Bxf3 {[%emt 0:01:22]} 20. Bxf3 {[%emt 0:03:30]} Rb8 {[%emt 0:01:02]} 21. Rb1 {[%emt 0:00:56]} Qc7 {[%emt 0:01:33]} 22. Be2 {[%emt 0:02:07]} Bc3 {[%emt 0:04:20]} 23. Qh4 {[%emt 0:05:53]} b5 {[%emt 0:00:15]} 24. Bd3 {[%emt 0:00:12]} g6 {[%emt 0:01:02]} 25. Ra3 {[%emt 0:01:10]} Bg7 {[%emt 0:00:38]} 26. Bd2 {[%emt 0:01:17]} Nc4 {[%emt 0:00:40]} 27. Bxc4 {[%emt 0:00:57]} bxc4 {[%emt 0:01:55]} 28. Rxb8 {[%emt 0:01:29]} Rxb8 {[%emt 0:00:18]} 29. h3 {[%emt 0:01:04]} Qc5 {[%emt 0:00:19]} 30. Rxa6 {[%emt 0:00:52]} Qxd5 {[%emt 0:00:04]} 31. Bf4 {[%emt 0:00:41]} Be5 {[%emt 0:00:41]} 32. Kh2 {[%emt 0:00:31]} Qe4 {[%emt 0:00:46]} 33. g3 {[%emt 0:00:26]} Qxc2 {[%emt 0:00:53]} 34. Be3 {[%emt 0:00:07]} c3 {[%emt 0:00:24]} 35. Qc4 {[%emt 0:00:50]} Qf5 {[%emt 0:00:27]} 36. Qc7 {[%emt 0:00:38]} Rc8 {[%emt 0:00:21]} 37. Qb7 {[%emt 0:00:25]} c2 {[%emt 0:00:19]} 38. Rc6 {[%emt 0:00:38]} Rxc6 {[%emt 0:00:36]} 39. Qxc6 {[%emt 0:00:01]} Kg7 {[%emt 0:00:16]} 40. Kg2 {[%emt 0:00:17]} Qd3 {[%emt 0:30:32]} 41. h4 {[%emt 0:05:08]} Bb2 {[%emt 0:00:00]} 42. h5 {[%emt 0:01:40]} Qxe3 {[%emt 0:00:00]} 43. fxe3 {[%emt 0:01:53]} c1=Q {[%emt 0:00:00]} 44. Qxd6 {[%emt 0:00:06]} Qxe3 {[%emt 0:00:00]} 45. hxg6 {[%emt 0:00:18]} Be5 {[%emt 0:00:00]} 0-1

[Event "12th SRB-ch Women 2018"]
[Site "Kragujevac"]
[Date "2018.03.24"]
[Round "8"]
[White "Eric, Jovana"]
[Black "Injac, Teodora"]
[Result "1/2-1/2"]
[WhiteElo "2265"]
[BlackElo "2291"]
[Annotator "NA"]
[PlyCount "72"]
[EventDate "2018.??.??"]
[EventType "tourn"]
[EventCountry "SRB"]
[SourceTitle "playchess.com"]
[Source "ChessBase"]
[SourceQuality "1"]
[TimeControl "40/5400+30:1800+30"]

1. e4 {[%emt 0:00:00]} e6 {[%emt 0:00:16]} 2. d4 {[%emt 0:00:00]} d5 {[%emt 0:00:11]} 3. Nd2 {[%emt 0:00:01]} c5 {[%emt 0:03:12]} 4. exd5 {[%emt 0:01:17]} Qxd5 {[%emt 0:00:49]} 5. Ngf3 {[%emt 0:00:58]} cxd4 {[%emt 0:00:32]} 6. Bc4 {[%emt 0:00:33]} Qd6 {[%emt 0:02:12]} 7. O-O {[%emt 0:02:29]} Nf6 {[%emt 0:00:33]} 8. Nb3 {[%emt 0:00:20]} Nc6 {[%emt 0:01:03]} 9. Re1 {[%emt 0:01:18]} Be7 {[%emt 0:03:56]} 10. Nbxd4 {[%emt 0:02:19]} Nxd4 {[%emt 0:01:36]} 11. Nxd4 {[%emt 0:00:08]} a6 {[%emt 0:01:49]} 12. Bd3 {[%emt 0:06:36] C07: French Tarrasch: 3...c5, 4 Ngf3 and 4 exd5 Qxd5} (12. c3 Qc7 13. Bb3 O-O 14. Qf3 Bd6 15. Qh3 e5 16. Nf5 g6 17. Qh4 Bxf5 18. Qxf6 e4 19. Qh4 Rfe8 {½-½ (141) Sardana,R (2402)-Deepan Chakkravarthy,J (2475) New Delhi 2018}) 12... O-O {[%emt 0:03:49]} 13. c3 {[%emt 0:02:51]} b5 $146 {[%emt 0:04:52]} ({Predecessor:} 13... Rd8 14. Bc2 Qc7 15. Bg5 h6 16. Bh4 e5 17. Qd3 g6 18. Bb3 Kg7 19. Qe2 {1-0 (61) Krakovsky,P (1991)-Weiss,L (2010) ICCF email 2005}) 14. a4 {[%emt 0:14:46]} b4 {[%emt 0:07:11]} 15. Qf3 {[%emt 0:12:06]} Qd5 {[%emt 0:06:03]} 16. Qxd5 {[%emt 0:12:36]} Nxd5 {[%emt 0:00:09]} 17. c4 {[%emt 0:00:09]} Nf6 {[%emt 0:05:14]} 18. Bf4 {[%emt 0:02:26]} Bb7 {[%emt 0:05:17]} 19. Nf5 {[%emt 0:06:05]} Bc5 {[%emt 0:03:21]} 20. Bd6 {[%emt 0:03:53]} Bxd6 {[%emt 0:01:50]} 21. Nxd6 {[%emt 0:00:05]} Bc6 {[%emt 0:03:35]} 22. c5 {[%emt 0:04:12]} Nd7 {[%emt 0:02:33]} 23. Be4 {[%emt 0:02:48]} Bxe4 {[%emt 0:02:28]} 24. Nxe4 {[%emt 0:00:05]} Rac8 {[%emt 0:01:43]} 25. Rac1 {[%emt 0:01:53]} Rc7 {[%emt 0:02:25]} 26. b3 {[%emt 0:04:09]} Rfc8 {[%emt 0:01:20]} 27. Rc4 {[%emt 0:00:33]} Ne5 {[%emt 0:01:32]} 28. Rd4 {[%emt 0:02:28]} Nc6 {[%emt 0:00:40]} 29. Rd6 {[%emt 0:05:30]} Na5 {[%emt 0:01:16]} 30. Rxa6 {[%emt 0:01:33]} Nxb3 {[%emt 0:00:29]} 31. Rb6 {[%emt 0:01:27]} Nxc5 {[%emt 0:01:10]} 32. Nxc5 {[%emt 0:00:30]} Rxc5 {[%emt 0:00:18]} 33. Rxb4 {[%emt 0:00:05]} g6 {[%emt 0:00:17]} 34. h4 {[%emt 0:00:54]} Ra5 $11 {[%emt 0:00:44]} 35. g3 {[%emt 0:00:30]} Kg7 {[%emt 0:00:18]} 36. Ree4 {[%emt 0:00:31]} Rca8 {[%emt 0:01:22]} 1/2-1/2

[Event "12th SRB-ch Women 2018"]
[Site "Kragujevac"]
[Date "2018.03.24"]
[Round "8"]
[White "Blagojevic, Tijana"]
[Black "Benderac, Ana"]
[Result "1-0"]
[WhiteElo "2249"]
[BlackElo "2226"]
[Annotator "NA"]
[PlyCount "87"]
[EventDate "2018.??.??"]
[EventType "tourn"]
[EventCountry "SRB"]
[SourceTitle "playchess.com"]
[Source "ChessBase"]
[SourceQuality "1"]
[TimeControl "40/5400+30:1800+30"]

1. e4 {[%emt 0:00:00]} e5 {[%emt 0:00:12]} 2. Nf3 {[%emt 0:00:00]} Nc6 {[%emt 0:00:07]} 3. Nc3 {[%emt 0:00:02]} Nf6 {[%emt 0:00:15]} 4. d4 {[%emt 0:01:07]} exd4 {[%emt 0:00:13]} 5. Nxd4 {[%emt 0:00:10]} Bb4 {[%emt 0:00:19]} 6. Nxc6 {[%emt 0:00:19]} bxc6 {[%emt 0:00:07]} 7. Bd3 {[%emt 0:00:06]} d5 {[%emt 0:02:07]} 8. exd5 {[%emt 0:00:07]} cxd5 {[%emt 0:00:05]} 9. O-O {[%emt 0:00:15]} O-O {[%emt 0:00:05]} 10. h3 {[%emt 0:00:09] C47: Scotch Four Knights and Four Knights with 4 g3} (10. Bg5 c6 11. Na4 h6 12. Bh4 Re8 13. c4 dxc4 14. Bxc4 Qxd1 15. Rfxd1 g5 16. Bg3 Ne4 17. a3 Bf8 18. Rac1 Nxg3 19. hxg3 Rb8 20. b4 Bf5 21. Bd3 Bxd3 22. Rxd3 {½-½ (36) Artemiev,V (2691)-Carlsen,M (2837) Riadh 2017}) 10... Re8 {[%emt 0:01:34]} 11. Qf3 {[%emt 0:00:30]} c6 {[%emt 0:00:51]} 12. Bf4 {[%emt 0:01:09]} Be6 {[%emt 0:08:03]} 13. Ne2 {[%emt 0:01:18]} Bd6 {[%emt 0:02:05]} 14. Rfe1 {[%emt 0:12:48]} Rb8 {[%emt 0:17:15]} 15. b3 {[%emt 0:00:15]} c5 {[%emt 0:00:32]} 16. Bxd6 {[%emt 0:09:49]} Qxd6 {[%emt 0:00:16]} 17. Rad1 {[%emt 0:00:08]} Qc7 {[%emt 0:05:48]} 18. c3 $146 {[%emt 0:02:05]} Bd7 {[%emt 0:13:23]} 19. Ng3 {[%emt 0:07:03]} Re5 {[%emt 0:06:56]} 20. Rxe5 {[%emt 0:04:28]} Qxe5 {[%emt 0:00:06]} 21. Qe3 {[%emt 0:00:12]} Qc7 {[%emt 0:01:01]} 22. Be2 {[%emt 0:04:59]} Re8 {[%emt 0:05:18]} 23. Qd2 {[%emt 0:01:06]} a5 {[%emt 0:00:53]} 24. Bf3 {[%emt 0:03:46]} Be6 {[%emt 0:00:10]} 25. Ne2 {[%emt 0:00:31]} Rd8 {[%emt 0:02:36]} 26. Nf4 {[%emt 0:06:07]} Kf8 {[%emt 0:11:26]} 27. Re1 {[%emt 0:05:31]} Rd6 {[%emt 0:00:51]} 28. Re5 {[%emt 0:13:01]} Rb6 {[%emt 0:07:14]} ({Black should play} 28... c4 $14) 29. Qe3 {[%emt 0:05:11]} Rd6 {[%emt 0:12:50]} 30. Rxe6 {[%emt 0:01:39]} fxe6 {[%emt 0:00:30]} 31. Nxe6+ {[%emt 0:00:12]} Rxe6 {[%emt 0:00:03]} 32. Qxe6 {[%emt 0:00:04]} d4 {[%emt 0:00:25]} 33. Qc4 {[%emt 0:02:29]} Qe5 {[%emt 0:00:40]} 34. cxd4 {[%emt 0:01:17]} cxd4 {[%emt 0:00:03]} 35. Kf1 {[%emt 0:00:25]} Nd7 {[%emt 0:01:42]} 36. Qd5 {[%emt 0:01:53]} Qf4 {[%emt 0:01:14]} (36... Qxd5 $142 37. Bxd5 Ke7) 37. g3 {[%emt 0:01:49]} ({Weaker is} 37. Qxd7 Qc1+ 38. Ke2 Qc2+ 39. Ke1 Qc3+ 40. Kd1 Qd3+ 41. Ke1 Qc3+ 42. Kf1 Qc1+ 43. Ke2 Qc2+ 44. Ke1 Qc3+ $11) 37... Qf7 {[%emt 0:00:57]} 38. Qxd4 {[%emt 0:05:27]} Qxf3 {[%emt 0:00:11]} 39. Qxd7 $18 {[%emt 0:00:06]} Qh1+ {[%emt 0:00:12]} 40. Ke2 {[%emt 0:00:05]} Qe4+ {[%emt 0:30:02]} 41. Kd2 {[%emt 0:30:16]} Qe5 {[%emt 0:00:16]} 42. Qc8+ {[%emt 0:01:49]} Kf7 {[%emt 0:00:00]} 43. Qc4+ {[%emt 0:00:00]} Kg6 {[%emt 0:00:00]} 44. Qg4+ {[%emt 0:00:00]} 1-0